00439 2200169 4500245005300000020002200053250001000075100002200085100002100107650002200128005001900150260004000169041001400209084001100223300002600234336000900260 aKamu Tak Harus SempurnacAnastasia SatriyohText a978-623-205-258-1 aCet.5 aAnastasia Satriyo aTaufan Harimurti aPengembangan Diri a20241015105605 aBandungbPenerbit Yrama Widyac2023 aIndonesia a155.25 aviii, 112 hlm :cilus atext